000 00912nam a2200277 i 4500
003 DO-SdBNP
005 20240823104941.0
007 ta
008 240823b2024 dr ||||| |||| 00| 0 spa d
020 _a9789945654318
040 _aDO-SdBNP
_bspa
_cBNPHU
_erda
082 4 _222
100 _aWallace, Luis Roberto,
_eautor
_986386
245 1 0 _aUn playboy desde tiempos de Trujillo /
_cLuis Roberto Wallace ; prólogo, Joan Wallace
264 _aSanto Domingo :
_bSantuario,
_c2024.
300 _a183 páginas ;
_c23 cm.
336 _2rdacontent
_atexto
_btxt
337 _2rdamedia
_asin mediación
_bn
338 _2rdacarrier
_avolumen
_bnc
500 _aIncluye datos biográficos del autor en la contracubierta
500 _aUn relato divertido, sexual, político e histórico
590 _aInventariado, 2024/BT
700 _aWallace, Joan,
_eprólogo
_986387
910 _aBtavárez
942 _2ddc
_cLBS1
999 _c57539
_d57539